000 00449nab a22001457 4500
003 ES-SlBCS
005 20210327224226.0
008 181204s2018 sp ||||| |||| 00| 0 spa d
040 _aES-SlBCS
_bspa
041 _aspa
100 1 _aBergant, Dianne
_947220
245 1 0 _aImago Dei: Imagen o divinidad. Interpretación de la Biblia hebreea
_cDianne Bergant
773 0 _gNúm. 378, 2018, págs. 37-48
_tConcilium
_wRev134
_x0210-1041
942 _2lcc
_cAR
999 _c477384
_d477384